Ad hoc mobile wireless networks : protocols and systems, age of pervasive mobile networking and computing (Record no. 184996)

MARC details
000 -LEADER
fixed length control field 00529nam a2200157Ia 4500
005 - DATE AND TIME OF LATEST TRANSACTION
control field 20250415163414.0
008 - FIXED-LENGTH DATA ELEMENTS--GENERAL INFORMATION
fixed length control field 231217s9999 xx 000 0 und d
020 ## - INTERNATIONAL STANDARD BOOK NUMBER
International Standard Book Number 9788131715109
082 ## - DEWEY DECIMAL CLASSIFICATION NUMBER
Classification number 621.38415 TOH;4
100 ## - MAIN ENTRY--PERSONAL NAME
Personal name Toh, C K.
245 #0 - TITLE STATEMENT
Title Ad hoc mobile wireless networks : protocols and systems, age of pervasive mobile networking and computing
260 ## - PUBLICATION, DISTRIBUTION, ETC. (IMPRINT)
Date of publication, distribution, etc. 2002
Name of publisher, distributor, etc. Pearson
Place of publication, distribution, etc. New Delhi
300 ## - PHYSICAL DESCRIPTION
Extent xx, 302
650 ## - SUBJECT ADDED ENTRY--TOPICAL TERM
Topical term or geographic name as entry element Ad,hoc,wireless,networks,protocols,systems,,age,pervasive,networking,computing
942 ## - ADDED ENTRY ELEMENTS (KOHA)
Koha item type Books
Holdings
Date last seen Total Checkouts Full call number Accession number Old discount Cost, replacement price Price effective from Category Lost status Damaged status Department Withdrawn status bill no. bill date Permanent Location Current Location Shelving location Entry date Vendor Cost, normal purchase price Grants Currency symbol Conversion rate Discount Discount type Uniform Resource Identifier
26/01/2024   621.38415 TOH;4 57959 20 260.00 26/01/2024 Books     Central Library   8157 29/11/2013 Central Library Central Library Central Library 01/02/2010 Mega Books 325.00 IS RS 1 65 Rupees  
26/01/2024   621.38415 TOH;5 57960 20 260.00 26/01/2024 Books     Central Library   8157 29/11/2013 Central Library Central Library Central Library 01/02/2010 Mega Books 325.00 IS RS 1 65 Rupees  
26/01/2024   621.38415 TOH;6 57961 20 260.00 26/01/2024 Books     Central Library   8157 29/11/2013 Central Library Central Library Central Library 01/02/2010 Mega Books 325.00 IS RS 1 65 Rupees  
26/01/2024   621.38415 TOH;7 57962 20 260.00 26/01/2024 Books     Central Library   8157 29/11/2013 Central Library Central Library Central Library 01/02/2010 Mega Books 325.00 IS RS 1 65 Rupees  
26/01/2024   621.38415 TOH;8 57963 20 260.00 26/01/2024 Books     Central Library   8157 29/11/2013 Central Library Central Library Central Library 01/02/2010 Mega Books 325.00 IS RS 1 65 Rupees digital/contents/49493.pdf

© For any Suggestions or Query, please contact the library staff @ librarian@pes.edu or Phone: +9180 2672 1983/ 2108.